| 000 -LEADER |
| fixed length control field |
02437nam a2200313 a 4500 |
| 001 - CONTROL NUMBER |
| control field |
ASIN0470027150 |
| 003 - CONTROL NUMBER IDENTIFIER |
| control field |
OSt |
| 005 - DATE AND TIME OF LATEST TRANSACTION |
| control field |
20180116192421.0 |
| 008 - FIXED-LENGTH DATA ELEMENTS--GENERAL INFORMATION |
| fixed length control field |
140227s2006 xxu eng d |
| 020 ## - INTERNATIONAL STANDARD BOOK NUMBER |
| International Standard Book Number |
0470027150 (paperback) |
| Terms of availability |
$55.00 |
| 020 ## - INTERNATIONAL STANDARD BOOK NUMBER |
| International Standard Book Number |
9780470027158 (paperback) |
| 040 ## - CATALOGING SOURCE |
| Transcribing agency |
SADA |
| 050 04 - LIBRARY OF CONGRESS CALL NUMBER |
| Classification number |
NA2543.S6 |
| 082 04 - DEWEY DECIMAL CLASSIFICATION NUMBER |
| Classification number |
720.103 |
| 245 10 - TITLE STATEMENT |
| Title |
Mass identity architecture : |
| Remainder of title |
architectural writings of jean baudrillard / |
| Statement of responsibility, etc. |
Francesco Proto. |
| 250 ## - EDITION STATEMENT |
| Edition statement |
1st ed. |
| 260 ## - PUBLICATION, DISTRIBUTION, ETC. |
| Place of publication, distribution, etc. |
[S.l.] : |
| Name of publisher, distributor, etc. |
Academy Press, |
| Date of publication, distribution, etc. |
2006. |
| 300 ## - PHYSICAL DESCRIPTION |
| Extent |
206 p. ; |
| Dimensions |
23 cm. |
| 520 ## - SUMMARY, ETC. |
| Summary, etc. |
This new edition further explores the connection between the cultural analysis provided by the contemporary philosopher Jean Baudrillard and the new 'star' of global culture - architecture. In a world in which images have become a substitute for reality - i.e. simulacra capable of both stimulating and satisfying collective needs - the question arises as to whether architecture could be seen as a 'super-fetish', capable of both mirroring and shaping western society's culture and identity. The aim of this book is thus to provide new methodologies and to suggest new meanings for the comprehension and development of contemporary architecture. In Baudrillard's terms, architecture could be seen as the supreme medium of contemporary visual culture, especially in its potential to influence the individual's perception of reality as a component of the mass-media system. This kind of cultural analysis of the built environment and its effect on everyday life is still a relatively new phenomenon - both in the fields of critical theory and even more so in mainstream architectural criticism. This book, which forms a significant resource on the work of an immensely important writer, should appeal to a wide range of readers. Through highly evocative writing, it provides a theoretical, illuminating pathway for everyone who, either directly or indirectly, is involved or interested in architecture, urbanism and related subjects. |
| 650 #0 - SUBJECT ADDED ENTRY--TOPICAL TERM |
| Topical term or geographic name entry element |
Aesthetics |
| 9 (RLIN) |
7363 |
| 650 #0 - SUBJECT ADDED ENTRY--TOPICAL TERM |
| Topical term or geographic name entry element |
Architecture and society |
| 9 (RLIN) |
7364 |
| 650 #0 - SUBJECT ADDED ENTRY--TOPICAL TERM |
| Topical term or geographic name entry element |
Architecture, Modern |
| 9 (RLIN) |
7365 |
| 650 #0 - SUBJECT ADDED ENTRY--TOPICAL TERM |
| Topical term or geographic name entry element |
Architecture, Modern--Philosophy |
| 9 (RLIN) |
7366 |
| 650 #0 - SUBJECT ADDED ENTRY--TOPICAL TERM |
| Topical term or geographic name entry element |
Architecture--Aesthetics |
| 9 (RLIN) |
7367 |
| 650 #0 - SUBJECT ADDED ENTRY--TOPICAL TERM |
| Topical term or geographic name entry element |
Baudrillard, Jean, 1929-2007 |
| 9 (RLIN) |
7368 |
| 700 1# - ADDED ENTRY--PERSONAL NAME |
| Personal name |
Proto, Francesco. |
| 9 (RLIN) |
7369 |
| 856 40 - ELECTRONIC LOCATION AND ACCESS |
| Materials specified |
Amazon.com |
| Uniform Resource Identifier |
<a href="http://www.amazon.com/exec/obidos/ASIN/0470027150/chopaconline-20">http://www.amazon.com/exec/obidos/ASIN/0470027150/chopaconline-20</a> |
| 942 ## - ADDED ENTRY ELEMENTS (KOHA) |
| Source of classification or shelving scheme |
|
| Koha item type |
Book |